000 01133nam a22002657a 4500
001 6375
003 FISKH
005 20250425101445.0
008 250425b cb ||||| |||| 00| 0 eng d
020 _a9781741791532
040 _aFISKH
_beng
_cFISKH
_dFISKH
050 _aDS555.25 .C86
082 _a915.940442
100 _aBush, Austin
245 _aLaos /
_cBy Austin Bush, Mark Elliott and Nick Ray
260 _aFort Mill :
_bLonely Planet ,
_c2010.
300 _a376 pages :
_bcolor illustrations, maps ;
_c20 cm .
490 _aLonely Planet
520 _aLonely Planet Laos is your passport to the most relevant, up-to-date advice on what to see and skip, and what hidden discoveries await you. Whiz through the jungle on ziplines in Bokeo Nature Reserve, dine on French cuisine in historic Luang Prabang, or trek to minority villages on the Bolaven Plateau -all with your trusted travel companion. Get to the heart of Laos and begin your journey now!
650 _aSoutheast Asia
_vNon-fiction
650 _aTravel guide
_vNon-fiction
700 _aRay, Nick
_eIllustrator
942 _2ddc
_cBK
_n0
999 _c6375
_d6375